| 000 | 00739na a2200253 4500 | ||
|---|---|---|---|
| 001 | 12946 | ||
| 003 | MIRAKIL | ||
| 005 | 20181213154903.0 | ||
| 008 | 160817b tu 000 0 | ||
| 020 | _a9789944126274 | ||
| 035 | _a12946 | ||
| 040 |
_aMilas _btur _cTR-AnCHP |
||
| 082 |
_a814.42 _bY28b 2007 |
||
| 090 | _a814.42 Y28b 2007 | ||
| 100 | _aYavuz, Ali Rıza | ||
| 245 |
_a'Bir'e kadar saymayı öğrenmek _cAli Rıza Yavuz; yayına hazırlayan: Erdem Yavuz |
||
| 246 | _aBire kadar saymayı öğrenmek | ||
| 260 |
_aİstanbul _bCinius Yayınları _c2007 |
||
| 300 |
_a187 s. _c20 sm. |
||
| 650 |
_aTürk denemeler _x21. yüzyıl |
||
| 650 |
_aTürk edebiyatı _xDenemeler |
||
| 700 | _aGülbay, Zeynep | ||
| 942 |
_2dcc _cBKS |
||
| 999 |
_c2606 _d2606 |
||